Dejiny peňazí

Na minha lista:
Detalhes bibliográficos
Autor principal: Tkáč, Marián
Autor Corporativo: Ekonomická univerzita v Bratislave. Národohospodárska fakulta
Formato: Livro
Idioma:eslovaco
Publicado em: Bratislava Vydavateľstvo EKONÓM 2007
Assuntos:
Tags: Adicionar Tag
Sem tags, seja o primeiro a adicionar uma tag!

MARC

LEADER 00000nam$a2200000$$$4500
001 0057290
005 20240314075821.5
020 |a 978-80-225-2331-8 
041 0 |a slo 
044 |a SK 
245 1 0 |a Dejiny peňazí  |c Marián Tkáč 
264 1 |a Bratislava  |b Vydavateľstvo EKONÓM  |c 2007 
300 |a 247 s. 
610 2 0 |a peniaze 
610 2 0 |a mena 
610 2 0 |a dejiny 
610 2 0 |a mince 
610 2 0 |a obchod 
610 2 0 |a banky 
610 2 0 |a obeh peňažný 
610 2 0 |a burzy 
610 2 0 |a bankovníctvo 
610 2 0 |a banky centrálne 
610 2 0 |a systém menový medzinárodný 
610 2 0 |a svet 
610 2 0 |a Slovensko 
610 2 0 |a Európska únia 
100 1 |a Tkáč, Marián 
710 2 |a Ekonomická univerzita v Bratislave. Národohospodárska fakulta